000
00306nam a22001217a 4500
082
_a
200
_b
ELA/S
100
_a
ELAYATU, KUNJIKUTTAN
245
_a
SREE GURUVAYURAPPAN
_b
TEMPLE GRACE AND LEGENDS
260
_a
THRISSUR
_b
H & C PUBLISHING HOUSE
_c
2002
300
_a
50
650
_a
SPIRITUAL
_z
KERALA
942
_c
BK
999
_c
4709
_d
4709